|
|
|
|
| LEADER |
00000cam a22000004a 4500 |
| 001 |
musev2_9341 |
| 003 |
MdBmJHUP |
| 005 |
20230905041049.0 |
| 006 |
m o d |
| 007 |
cr||||||||nn|n |
| 008 |
940914r19951986utu o 00 0 eng d |
| 010 |
|
|
|z 94036862
|
| 020 |
|
|
|a 9780874213096
|
| 020 |
|
|
|z 9780874211801
|
| 035 |
|
|
|a (OCoLC)42330956
|
| 040 |
|
|
|a MdBmJHUP
|c MdBmJHUP
|
| 043 |
|
|
|a n-us---
|
| 050 |
0 |
4 |
|a E93
|b .I466 1995
|
| 082 |
0 |
|
|a 323.1/197073/0904
|2 20
|
| 245 |
0 |
0 |
|a Indian Self Rule :
|b First-Hand Accounts of Indian-White Relations from Roosevelt to Reagan /
|c edited by Kenneth R. Philp ; with forewords by Floyd A. O'Neil, Alvin M. Josephy, Jr., and E. Richard Hart.
|
| 264 |
|
1 |
|a Logan, Utah :
|b Utah State University Press,
|c 1995.
|
| 264 |
|
3 |
|a Baltimore, Md. :
|b Project MUSE,
|c 2012
|
| 264 |
|
4 |
|c ©1995.
|
| 300 |
|
|
|a 1 online resource (354 pages):
|b ill. ;
|
| 336 |
|
|
|a text
|b txt
|2 rdacontent
|
| 337 |
|
|
|a computer
|b c
|2 rdamedia
|
| 338 |
|
|
|a online resource
|b cr
|2 rdacarrier
|
| 500 |
|
|
|a Contains papers which evolved from the Conference on Indian Self-Rule, sponsored by the Institute of the American West and held in Sun Valley, Idaho from Aug. 17-20, 1983.
|
| 500 |
|
|
|a Originally published: Salt Lake City, Utah : Howe Bros., 1986. With new foreword.
|
| 504 |
|
|
|a Includes bibliographical references (p. 326-335) and index.
|
| 506 |
0 |
|
|a Open Access
|f Unrestricted online access
|2 star
|
| 588 |
|
|
|a Description based on print version record.
|
| 650 |
|
0 |
|a Self-determination, National
|z United States.
|
| 650 |
|
0 |
|a Indians of North America
|x Social conditions.
|
| 650 |
|
0 |
|a Indians of North America
|x Politics and government.
|
| 650 |
|
0 |
|a Indians of North America
|x Government relations
|y 1934-
|
| 610 |
2 |
0 |
|a United States.
|t Indian Reorganization Act.
|
| 655 |
|
7 |
|a Electronic books.
|2 local
|
| 700 |
1 |
|
|a Philp, Kenneth R.,
|d 1941-
|
| 710 |
2 |
|
|a Institute of the American West.
|
| 711 |
2 |
|
|a Conference on Indian Self-Rule
|d (1983 :
|c Sun Valley, Idaho)
|
| 710 |
2 |
|
|a Project Muse.
|e distributor
|
| 830 |
|
0 |
|a Book collections on Project MUSE.
|
| 856 |
4 |
0 |
|z Texto completo
|u https://projectmuse.uam.elogim.com/book/9341/
|
| 945 |
|
|
|a Project MUSE - Archive Complete Foundation
|
| 945 |
|
|
|a Project MUSE - Archive Political Science and Policy Studies Foundation
|
| 945 |
|
|
|a Project MUSE - Archive Native American and Indigenous Studies Foundation
|